| 000 | 00674nam a2200205 i 4500 | ||
|---|---|---|---|
| 001 | 25235 | ||
| 003 | ES-MaACL | ||
| 007 | t| | ||
| 008 | 021223q19001999sp ||||1| spa d | ||
| 100 | 1 |
_aArán, Santos. _922237 |
|
| 245 | 1 | 0 |
_aMatadero, carnes y sustancias alimenticias / _cpor Santos Arán ; con la colaboración de Gregorio Echevarria. |
| 250 | _a2ª ed. amp. | ||
| 260 |
_aMadrid : _b[s.n., _c1900-?] ( _fTip. Huelves y Cía.) |
||
| 300 |
_a725 p., 16 lám. : _bil. ; _c22 cm. |
||
| 490 | 1 | _aBiblioteca pecuaría | |
| 700 | 1 |
_aEchevarría, Gregorio. _946541 |
|
| 830 | 0 |
_aBiblioteca pecuaría _9180962 |
|
| 852 |
_aES-MaACL _jB-9125 _bR.18696 |
||
| 999 |
_c25235 _d25235 |
||